[Event "AUTO-OPEN-1007"]
[Site "http://www.queenalice.com/game.php?id=351101"]
[Date "2008.2.9"]
[Round "1"]
[White "ray"]
[Black "knaboboy"]
[Result "1-0"]
[WhiteElo "1717"]
[BlackElo "1908"]

1. c4 Nf6 2. Nc3 g6 3. g3 Bg7 4. Bg2 O-O 5. Nf3 d6 6. O-O c6 7. d4 Bf5 8. Nh4
Bd7 9. d5 c5 10. Be3 Qc8 11. Qd2 Bh3 12. Bh6 Bxg2 13. Kxg2 Nbd7 14. Bxg7 Kxg7
15. Nf3 Ng4 16. Ne4 Nge5 17. Neg5 Nxc4 18. Qf4 b5 19. e4 h6 20. Nh3 a6 21. Rfe1
Nxb2 22. e5 Nd3 23. Qe4 Nxe1+ 24. Qxe1 1-0

[Event "AUTO-OPEN-1007"]
[Site "http://www.queenalice.com/game.php?id=351102"]
[Date "2008.2.9"]
[Round "1"]
[White "knaboboy"]
[Black "ray"]
[Result "0-1"]
[WhiteElo "1884"]
[BlackElo "1741"]

1. e4 c5 2. Nf3 Nc6 3. d4 cxd4 4. Nxd4 Nf6 5. Nc3 a6 6. Be2 g6 7. Be3 Bg7 8. f3
O-O 9. Qd2 Ne5 10. g4 Qb6 11. Nf5 Qxb2 12. Rb1 Qa3 13. Nxg7 b5 14. Bh6 Rd8 15.
Nf5 gxf5 16. Qg5+ Ng6 17. Rb3 Qc5 18. gxf5 Qd4 19. fxg6 fxg6 20. h4 d5 21. e5
Bf5 22. exf6 exf6 23. Qd2 Qxd2+ 24. Bxd2 Bxc2 25. Rb2 Bf5 26. Kf2 Rac8 0-1

[Event "AUTO-OPEN-1007"]
[Site "http://www.queenalice.com/game.php?id=351127"]
[Date "2008.2.9"]
[Round "1"]
[White "Beatryz"]
[Black "knaboboy"]
[Result "0-1"]
[WhiteElo "1646"]
[BlackElo "1887"]

1. d4 g6 2. e4 Bg7 3. Nf3 d6 4. c4 c5 5. d5 Nf6 6. Nc3 O-O 7. Be3 e5 8. Qd2 Ng4
9. Bg5 f6 10. Bh4 a6 11. h3 Nh6 12. g4 Nf7 13. O-O-O Bd7 14. Kb1 Qe8 15. Bg3 b5
16. Ne1 bxc4 17. Bxc4 Bb5 18. Be2 Qd7 19. Nc2 Qb7 20. Na3 Be8 21. Bc4 Nd7 22. f3
Nb6 23. Bb3 Rb8 24. Nc4 Nxc4 25. Bxc4 Bh6 26. f4 exf4 27. Bxf4 Bxf4 28. Qe2 Ne5
29. Bb3 Bb5 30. Nxb5 axb5 31. Rdf1 Bh6 32. Rh2 c4 33. Bd1 Ra8 34. h4 Qa7 35. b4
Nd3 36. Qc2 Qa3 0-1

[Event "AUTO-OPEN-1007"]
[Site "http://www.queenalice.com/game.php?id=351128"]
[Date "2008.2.9"]
[Round "1"]
[White "knaboboy"]
[Black "Beatryz"]
[Result "1-0"]
[WhiteElo "1835"]
[BlackElo "1599"]

1. e4 d5 2. exd5 Qxd5 3. Nc3 Qd8 4. d4 e6 5. Nf3 Nf6 6. Bg5 Be7 7. Qd2 c5 8. Bd3
Nc6 9. O-O-O cxd4 10. Ne2 e5 11. Rhe1 Bg4 12. Bxf6 gxf6 13. Be4 Bd7 14. Nh4 Qc7
15. Nf5 Bxf5 16. Bxf5 Rd8 17. Ng3 Bb4 18. Qh6 Bxe1 19. Qxf6 Bd2+ 20. Rxd2 Rf8
21. Bxh7 Qe7 22. Qf3 Qh4 23. Be4 Rc8 24. Nf5 Qxh2 25. Nd6+ Kd8 26. Nxc8 Kxc8 27.
Bxc6 bxc6 28. Qxc6+ Kd8 29. Qd6+ Ke8 30. Rxd4 1-0

[Event "AUTO-OPEN-1007"]
[Site "http://www.queenalice.com/game.php?id=351143"]
[Date "2008.2.9"]
[Round "1"]
[White "joeking"]
[Black "knaboboy"]
[Result "1-0"]
[WhiteElo "1812"]
[BlackElo "1811"]

1. Nf3 g6 2. e4 Bg7 3. Bc4 d6 4. d4 Nf6 5. e5 dxe5 6. Nxe5 O-O 7. O-O Nbd7 8. f4
c6 9. a4 Nb6 10. Bb3 Qc7 11. Nc3 Nfd5 12. Ne4 Nd7 13. Ng5 Nxe5 14. fxe5 Be6 15.
c4 Nb6 16. Nxe6 fxe6 17. a5 Rxf1+ 18. Kxf1 Rf8+ 19. Kg1 Na8 20. Qg4 Qd7 21. c5
Rf5 22. Bd2 Nc7 23. Bc2 Rf7 24. Re1 Nb5 25. Be3 Nc7 26. h4 Rf8 27. h5 gxh5 28.
Qxh5 Rf5 29. Bxf5 exf5 30. Qf3 e6 31. Kf2 Nd5 32. Bd2 1-0

[Event "AUTO-OPEN-1007"]
[Site "http://www.queenalice.com/game.php?id=351144"]
[Date "2008.2.9"]
[Round "1"]
[White "knaboboy"]
[Black "joeking"]
[Result "1-0"]
[WhiteElo "1893"]
[BlackElo "1431"]

1. e4 e5 2. Nf3 Nc6 3. Bb5 Nge7 4. O-O Nd4 5. Nxd4 exd4 6. c3 c6 7. Bc4 d5 8.
exd5 Nxd5 9. Re1+ Be6 10. cxd4 Be7 11. Nc3 O-O 12. Bb3 Bf6 13. d3 Bxd4 14. Qc2
Qb6 15. Nxd5 1-0

[Event "AUTO-OPEN-773"]
[Site "http://www.queenalice.com/game.php?id=357169"]
[Date "2008.2.19"]
[Round "2"]
[White "rubenov"]
[Black "knaboboy"]
[Result "1-0"]
[WhiteElo "1898"]
[BlackElo "1895"]

1. d4 g6 2. Nf3 Bg7 3. c3 d6 4. Bg5 a5 5. e4 Na6 6. Bd3 c5 7. O-O cxd4 8. cxd4
Nb4 9. Bb5+ Bd7 10. Bxd7+ Qxd7 11. a3 Nc6 12. Nc3 Rc8 13. Nd5 Qd8 14. Re1 f6 15.
Bf4 e6 16. Nc3 Nge7 17. Qb3 Qd7 18. d5 Ne5 19. Nxe5 fxe5 20. dxe6 Qc6 21. Bg5 h6
22. Bxe7 Kxe7 23. Nd5+ Kd8 24. e7+ Ke8 25. g3 h5 26. Qe3 Bh6 27. f4 exf4 28.
gxf4 Rh7 29. Nf6+ 1-0

[Event "AUTO-OPEN-773"]
[Site "http://www.queenalice.com/game.php?id=357170"]
[Date "2008.2.19"]
[Round "2"]
[White "knaboboy"]
[Black "rubenov"]
[Result "1-0"]
[WhiteElo "1871"]
[BlackElo "1873"]

1. e4 c5 2. Nf3 b6 3. d4 cxd4 4. Nxd4 Bb7 5. Bd3 e5 6. Nf5 Nc6 7. Be3 Nf6 8. f3
Qc7 9. Nc3 a6 10. Na4 b5 11. Nc5 Bc8 12. Nb3 d6 13. g4 Bxf5 14. gxf5 d5 15. a4
bxa4 16. Rxa4 d4 17. Bd2 Qb6 18. Qa1 Nb8 19. Ba5 Qb7 20. Rc4 Nc6 21. Qa4 Rc8 22.
Bd2 Be7 23. Na5 1-0